| LEADER |
01027nam0a2200265 450 |
| 001 |
16868167 |
| 010 |
|
|
|a 978-2-08-124798-7
|b br.
|d 4,95
|
| 100 |
|
|
|a 20260328d2026 u u0frey01 ba
|
| 101 |
0 |
|
|a fre
|
| 102 |
|
|
|a FR
|
| 200 |
0 |
|
|a C'est la rentrée !
|f texte de Magdalena
|g illustrations d'Emmanuel Ristord
|
| 207 |
|
1 |
|a
|
| 210 |
|
|
|a Paris
|c Castor poche-Flammarion
|d DL 2011
|
| 215 |
|
|
|a 1 vol. (31 p.)
|c ill. en coul., couv. ill. en coul.
|d 20 cm
|
| 225 |
1 |
|
|a Je suis en CP
|v 1
|
| 300 |
|
|
|a Niveau 1 début CP
|
| 327 |
|
|
|a Niveau 1 début CP
|
| 330 |
|
|
|a C'est le premier jour de classe pour Léo, Noé, Ana et les autres. Ils sont intimidés par cette nouvelle école, ces nouveaux amis et cette nouvelle maîtresse.
|
| 461 |
|
0 |
|t Je suis en CP
|
| 608 |
|
|
|a Premières lectures
|
| 700 |
|
0 |
|a Magdalena
|f 1961-....
|4 70
|
| 702 |
|
0 |
|a Ristord
|b Emmanuel
|c Illustrateur
|4 440
|
| 900 |
|
|
|a Roman (enfants)
|
| 901 |
|
|
|a Jeunesse
|
| 995 |
|
|
|a Médiathèque
|c Médiathèque
|f 089021810
|h 089021810
|k E MAG
|o p
|q j
|r az
|e Médiathèque
|